Proceso dialéctico de la tenencia de la tierra / (Registro nro. 7921)

Detalles MARC
000 -LEADER
fixed length control field 01004nam a2200241Ia 4500
003 - CONTROL NUMBER IDENTIFIER
control field OSt
005 - DATE AND TIME OF LATEST TRANSACTION
control field 20210525174007.0
008 - FIXED-LENGTH DATA ELEMENTS--GENERAL INFORMATION
fixed length control field 210310s1979 ck gr 001 0dspa d
020 ## - INTERNATIONAL STANDARD BOOK NUMBER
International Standard Book Number 8482720880
040 ## - CATALOGING SOURCE
Original cataloging agency CO-JMCR
Transcribing agency CO-JMCR
041 0# - LANGUAGE CODE
Language code of text/sound track or separate title spa
082 04 - DEWEY DECIMAL CLASSIFICATION NUMBER
Classification number 333.01 /
Item number P944p
Edition number 23
100 1# - MAIN ENTRY--PERSONAL NAME
Personal name Pérez Salazar, Honorio,
9 (RLIN) 15825
Relator term autor
245 10 - TITLE STATEMENT
Title Proceso dialéctico de la tenencia de la tierra /
Statement of responsibility, etc. Honorio Pérez Salazar
260 ## - PUBLICATION, DISTRIBUTION, ETC.
Place of publication, distribution, etc. Bogotá :
Name of publisher, distributor, etc. Temis,
Date of publication, distribution, etc. 1979
300 ## - PHYSICAL DESCRIPTION
Extent xiv, 248 páginas ;
Dimensions 24 cm.
500 ## - GENERAL NOTE
General note Incluye notas a pie de página e índices alfabético y de materias.
504 ## - BIBLIOGRAPHY, ETC. NOTE
Bibliography, etc. note Bibliografía: páginas [241]-243
505 0# - FORMATTED CONTENTS NOTE
Formatted contents note Proceso dialéctico de la tenencia de la tierra -- Tenencia de la tierra en la edad media -- Tenencia de la tierra en la edad moderna -- Historia de la tenencia de la tierra en Latinoamérica época precolombina
650 14 - SUBJECT ADDED ENTRY--TOPICAL TERM
Topical term or geographic name entry element Tenencia de la tierra
9 (RLIN) 15827
General subdivision Legislación
650 24 - SUBJECT ADDED ENTRY--TOPICAL TERM
Topical term or geographic name entry element Agricultura
General subdivision Aspectos económicos
9 (RLIN) 13952
942 ## - ADDED ENTRY ELEMENTS (KOHA)
Source of classification or shelving scheme Dewey Decimal Classification
Koha item type Books
Existencias
Withdrawn status Lost status Source of classification or shelving scheme Damaged status Not for loan Collection code Home library Current library Date acquired Source of acquisition Full call number Barcode Date last seen Copy number Koha item type
    Dewey Decimal Classification     Non-fiction Biblioteca Pública José María del Castillo y Rada Biblioteca Pública José María del Castillo y Rada 04/15/2018 Donación 333.01 / P944p 430003576 05/16/2024 Ej.1 Books